000 00411cam a2200169ua 4500
020 _c25.00
041 _aeng
_h
082 _a823.308
_bMAU/PA
100 _aMaugham, Somerset .
245 _aPartial view /
_cSomerset Maugham.
_hTextual Documents
260 _aLondon :
_bWilliam Heinemann Ltd ,
_c1954.
300 _a292 ; .
365 _a25.00
504 _a
942 _cBK
999 _c4905
_d4905